| 000 | 00525nam a22001937a 4500 | ||
|---|---|---|---|
| 003 | LK-CoDNM | ||
| 005 | 20250109131306.0 | ||
| 008 | 250102b |||||||| |||| 00| 0 eng d | ||
| 040 |
_aLK-CoDNM _dLK-CoDNM _eLK-CoDNM |
||
| 041 | _aeng | ||
| 080 |
_a5 _bG3 |
||
| 100 | _aProf. Louis Agassiz | ||
| 245 |
_aA general catalogue of all books, tracts, and memories on zoology and geology _b-Vol.3 |
||
| 260 |
_aLondon _bThe ray society _c1852 |
||
| 300 | _b656p. ; 24 cm | ||
| 650 | _aScience | ||
| 650 | _a1852 | ||
| 942 | _cBK | ||
| 999 |
_c235698 _d235698 |
||